[Event "Junior Online 4NCL Division 4"]
[Site "online"]
[Date "2021.03.18"]
[EventDate "2021.03.18"]
[Round "5.115"]
[White "Rao, Shree"]
[WhiteElo "1392"]
[WhiteTeam "Maidenhead Juniors 2"]
[Black "Jowell, Leo"]
[BlackElo "1239"]
[BlackTeam "Edgware Gambits E"]
[Result "1-0"]
[PlyCount "97"]

1. d4 Nf6 2. Bf4 g6 3. e3 Bg7 4. Nd2 d6 5. Ngf3 O-O 6. Be2 Nbd7 7. O-O Nh5 8. Bg3 e5 9. dxe5 Nxg3 10. fxg3 Nxe5 11. Nxe5 dxe5 12. Bc4 Qg5 13. Qf3 Bf5 14. e4 Qxd2 15. exf5 Qd4+ 16. Rf2 Qxc4 17. fxg6 fxg6 18. Qxb7 Qd4 19. Rf1 e4 20. Kh1 Rxf2 21. Qxa8+ Bf8 22. Rg1 Qf6 23. Qxe4 Rf1 24. Qc4+ Kg7 25. Rxf1 Bd6 26. Rxf6 Kxf6 27. Qd4+ Be5 28. Qxa7 Bxb2 29. Qxc7 Be5 30. Qxh7 Kg5 31. h4+ Kf6 32. c4 Bxg3 33. c5 g5 34. hxg5+ Kxg5 35. Qg7+ Kh4 36. Qh6+ Kg4 37. Qg6+ Kf4 38. c6 Bf2 39. c7 Ke3 40. Qe6+ Kd2 41. c8=Q Bd4 42. Qd6 Kd3 43. Qcd7 Kc2 44. Qxd4 Kb1 45. Qd2 Ka1 46. Q7d4+ Kb1 47. Qd1+ Kxa2 48. Qb6 Ka3 49. Qdb3# 1-0

[Event "Junior Online 4NCL Division 4"]
[Site "online"]
[Date "2021.03.18"]
[EventDate "2021.03.18"]
[Round "5.116"]
[White "Sharma, Krish"]
[WhiteElo "1167"]
[WhiteTeam "Edgware Gambits E"]
[Black "Nallaperumal, Kasi Veshagan"]
[BlackElo "1390"]
[BlackTeam "Maidenhead Juniors 2"]
[Result "0-1"]
[PlyCount "94"]

1. d4 d5 2. Bf4 Nf6 3. e3 c5 4. c3 Nc6 5. Bd3 Qb6 6. Qb3 c4 7. Qxb6 axb6 8. Bc2 Nh5 9. Nf3 f6 10. Nbd2 Nxf4 11. exf4 Bg4 12. O-O Bxf3 13. Nxf3 g6 14. Rfe1 Bh6 15. g3 O-O 16. b4 cxb3 17. Bxb3 Rad8 18. Kh1 Na5 19. Ba4 Nc4 20. Rxe7 Nb2 21. Bb3 Nd3 22. Kg1 Rf7 23. Re2 Rc7 24. Rc2 b5 25. Rd1 Nxf4 26. gxf4 Bxf4 27. Re1 Kg7 28. a4 Rdc8 29. Bxd5 Rxc3 30. Rxc3 Rxc3 31. Re7+ Kh6 32. Nd2 Bxd2 33. axb5 b6 34. Rb7 Rd3 35. Rxb6 Rxd4 36. Rd6 f5 37. b6 Bf4 38. Rd8 Rb4 39. b7 Kg5 40. Kg2 h5 41. Kh3 h4 42. Bf3 Rb3 43. Rd7 Rxf3+ 44. Kg2 Rb3 45. f3 Rb2+ 46. Kg1 Bxh2+ 47. Kh1 Bg3 0-1

[Event "Junior Online 4NCL Division 4"]
[Site "online"]
[Date "2021.03.18"]
[EventDate "2021.03.18"]
[Round "5.117"]
[White "Nayak, Siddharth"]
[WhiteElo "1338"]
[WhiteTeam "Maidenhead Juniors 2"]
[Black "Rahamim, Liad"]
[BlackElo "1179"]
[BlackTeam "Edgware Gambits E"]
[Result "1-0"]
[PlyCount "61"]

1. d3 d5 2. g3 Nf6 3. Bg2 g6 4. Nc3 Bg7 5. Nf3 O-O 6. Bf4 Bg4 7. h3 Be6 8. Ng5 Bf5 9. g4 Bd7 10. Nxd5 Bc6 11. Nxf6+ Bxf6 12. Bxc6 Nxc6 13. Ne4 e5 14. Bh6 Bg7 15. Bg5 f6 16. Be3 f5 17. gxf5 Rxf5 18. Ng3 Rf8 19. Ne4 Qe7 20. c3 b5 21. Qb3+ Rf7 22. Qxb5 Nd8 23. Bg5 Qf8 24. Rg1 h6 25. Bxd8 Qxd8 26. Rxg6 Qh4 27. Qb7 Qxh3 28. Qxa8+ Kh7 29. Rg5 hxg5 30. Nxg5+ Kh6 31. Nxh3 1-0

[Event "Junior Online 4NCL Division 4"]
[Site "online"]
[Date "2021.03.18"]
[EventDate "2021.03.18"]
[Round "5.118"]
[White "Patel, Amya Hetal"]
[WhiteElo "1167"]
[WhiteTeam "Edgware Gambits E"]
[Black "Thorley, Luke"]
[BlackElo "1300"]
[BlackTeam "Maidenhead Juniors 2"]
[Result "0-1"]
[PlyCount "96"]

1. e4 Nf6 2. Nc3 g6 3. d4 Bg7 4. Nf3 O-O 5. Be3 d6 6. Qd2 Bg4 7. Be2 Bxf3 8. Bxf3 Re8 9. Bh6 e5 10. dxe5 dxe5 11. Qg5 Nc6 12. O-O Nd4 13. Rfd1 c5 14. Ne2 Qb6 15. Nxd4 cxd4 16. b3 Rac8 17. c4 Qc6 18. Re1 a6 19. Bxg7 Kxg7 20. h4 h5 21. Rad1 Red8 22. Rd3 Nd7 23. Bxh5 Nc5 24. Rd2 Nxe4 25. Rxe4 Qxe4 26. Re2 Qb1+ 27. Kh2 d3 28. Rd2 Re8 29. Rd1 Qxa2 30. Rxd3 e4 31. Re3 Qxf2 32. Rg3 e3 33. Bxg6 Qxg3+ 34. Kxg3 fxg6 35. h5 Rc6 36. b4 b5 37. cxb5 axb5 38. Qxb5 Rce6 39. Qd7+ R6e7 40. Qg4 e2 41. Qxg6+ Kf8 42. Qh6+ Kf7 43. Qg6+ Kf8 44. Qh6+ Rg7+ 45. Kh4 e1=Q+ 46. Kh3 Re3+ 47. Kh2 Qg3+ 48. Kg1 Re1# 0-1

[Event "Junior Online 4NCL Division 4"]
[Site "online"]
[Date "2021.03.18"]
[EventDate "2021.03.18"]
[Round "5.121"]
[White "Gold, Arthur"]
[WhiteElo "1176"]
[WhiteTeam "Barnet Knights E"]
[Black "Bommi, Praneeth"]
[BlackElo "1334"]
[BlackTeam "Uxbridge Juniors Chargers"]
[Result "1-0"]
[PlyCount "57"]

1. e4 e6 2. Nf3 b6 3. Nc3 Bb7 4. d3 Nf6 5. Bg5 Be7 6. e5 Ne4 7. Bxe7 Qxe7 8. dxe4 d5 9. exd6 Qxd6 10. Qxd6 cxd6 11. Nb5 Bc6 12. Nc7+ Kd8 13. Nxa8 Bxa8 14. O-O-O Nc6 15. Rxd6+ Kc7 16. Rd1 f5 17. exf5 exf5 18. Nd4 Nxd4 19. Rxd4 Re8 20. Rc4+ Kb7 21. g3 Re1+ 22. Kd2 Ra1 23. Bg2+ Kb8 24. Bxa8 Kxa8 25. Rxa1 b5 26. Rc7 Kb8 27. Rxg7 Kc8 28. Re1 Kb8 29. Re8# 1-0

[Event "Junior Online 4NCL Division 4"]
[Site "online"]
[Date "2021.03.18"]
[EventDate "2021.03.18"]
[Round "5.122"]
[White "Das, Risheen"]
[WhiteElo "960"]
[WhiteTeam "Uxbridge Juniors Chargers"]
[Black "Vasudeva, Arya"]
[BlackElo "1165"]
[BlackTeam "Barnet Knights E"]
[Result "1-0"]
[PlyCount "41"]

1. d4 d5 2. Nc3 Nf6 3. Bf4 e6 4. e3 c6 5. Bd3 g6 6. g4 Nxg4 7. Bxb8 Rxb8 8. Qxg4 Bb4 9. Nf3 Bxc3+ 10. bxc3 f5 11. Qf4 Rg8 12. Qxb8 a6 13. Rg1 Qd7 14. Ne5 Qd8 15. Rb1 Rg7 16. Be2 Rc7 17. Kf1 Qh4 18. Qxc7 Qxh2 19. Qxc8+ Ke7 20. Rxb7+ Kf6 21. Rf7# 1-0

[Event "Junior Online 4NCL Division 4"]
[Site "online"]
[Date "2021.03.18"]
[EventDate "2021.03.18"]
[Round "5.123"]
[White "Malus, Sean"]
[WhiteElo "1228"]
[WhiteTeam "Barnet Knights E"]
[Black "Karthisamy, Prathik"]
[BlackElo "850"]
[BlackTeam "Uxbridge Juniors Chargers"]
[Result "0-1"]
[PlyCount "35"]

1. e4 e5 2. Nf3 Nc6 3. Bc4 Be7 4. Nc3 Nf6 5. d3 d6 6. Bg5 Bg4 7. h3 Bh5 8. Qd2 O-O 9. g4 Bg6 10. Bh6 gxh6 11. Qxh6 Nd4 12. Nxd4 exd4 13. Nd5 c6 14. Nf4 d5 15. Bb3 dxe4 16. h4 Nxg4 17. h5 Nxh6 18. Nxg6 0-1

[Event "Junior Online 4NCL Division 4"]
[Site "online"]
[Date "2021.03.18"]
[EventDate "2021.03.18"]
[Round "5.124"]
[White "Watson, Lewis"]
[WhiteElo "741"]
[WhiteTeam "Uxbridge Juniors Chargers"]
[Black "Gardner, Zac"]
[BlackElo "1139"]
[BlackTeam "Barnet Knights E"]
[Result "1-0"]
[PlyCount "165"]

1. e4 e5 2. Nf3 Nc6 3. Nc3 Nf6 4. d4 exd4 5. Nxd4 Bc5 6. Nxc6 dxc6 7. Bg5 h6 8. Bxf6 Qxf6 9. Qd2 O-O 10. O-O-O Bb4 11. Bc4 Be6 12. Bxe6 fxe6 13. Rhe1 Qxf2 14. Qxf2 Rxf2 15. Re2 Rxe2 16. Nxe2 Rf8 17. Nd4 e5 18. Ne6 Rf2 19. Nxc7 Rxg2 20. Rd8+ Kh7 21. Ne6 Rg1+ 22. Rd1 Rg2 23. a3 Ba5 24. b4 Bb6 25. Nf8+ Kg8 26. Ne6 Rxh2 27. a4 Be3+ 28. Kb1 Rd2 29. Rf1 Rf2 30. Re1 Bd2 31. Rd1 h5 32. b5 cxb5 33. axb5 h4 34. Rh1 Bc3 35. Rxh4 Rf1+ 36. Ka2 Rf2 37. Kb3 Kf7 38. Ng5+ Kg6 39. Ne6 Kf6 40. Kxc3 Kxe6 41. Rg4 Kf6 42. Kc4 Rxc2+ 43. Kb4 Rb2+ 44. Kc5 a6 45. b6 a5 46. Rg1 g5 47. Ra1 Rc2+ 48. Kb5 g4 49. Kxa5 Rg2 50. Kb5 Ke7 51. Kc5 g3 52. Rc1 Kd7 53. Kd5 Rh2 54. Kxe5 g2 55. Rg1 Ke7 56. Kd5 Kf6 57. Kd6 Kg5 58. Kc7 Kf4 59. Kxb7 Kf3 60. Ka7 Kf2 61. Rxg2+ Rxg2 62. b7 Rg8 63. e5 Kf3 64. e6 Kf4 65. e7 Kf5 66. b8=Q Rg7 67. Qf8+ Kg6 68. Qxg7+ Kxg7 69. e8=Q Kf6 70. Qe2 Kf5 71. Kb6 Kg5 72. Qf2 Kg6 73. Qf3 Kg7 74. Qf4 Kg6 75. Kc6 Kg7 76. Qf5 Kg8 77. Qf6 Kh7 78. Qg5 Kh8 79. Kd6 Kh7 80. Ke6 Kh8 81. Kf7 Kh7 82. Qg6+ Kh8 83. Qg7# 1-0

[Event "Junior Online 4NCL Division 4"]
[Site "online"]
[Date "2021.03.18"]
[EventDate "2021.03.18"]
[Round "5.125"]
[White "Bommi, Praneeth"]
[WhiteElo "1334"]
[WhiteTeam "Uxbridge Juniors Chargers"]
[Black "Gold, Arthur"]
[BlackElo "1176"]
[BlackTeam "Barnet Knights E"]
[Result "0-1"]
[PlyCount "38"]

1. e3 e5 2. b3 Nc6 3. Bb2 d5 4. Nf3 Bd6 5. d4 exd4 6. Nxd4 Nxd4 7. Bxd4 Bb4+ 8. Nc3 Nf6 9. Bd3 Bg4 10. Be2 Bxe2 11. Qxe2 Ne4 12. f3 Nxc3 13. Qd3 Ne4+ 14. Bc3 Bxc3+ 15. Kf1 Nd2+ 16. Kf2 Qh4+ 17. Kg1 Bxa1 18. Qxd2 O-O 19. Qxd5 Qe1# 0-1

[Event "Junior Online 4NCL Division 4"]
[Site "online"]
[Date "2021.03.18"]
[EventDate "2021.03.18"]
[Round "5.126"]
[White "Vasudeva, Arya"]
[WhiteElo "1165"]
[WhiteTeam "Barnet Knights E"]
[Black "Das, Risheen"]
[BlackElo "960"]
[BlackTeam "Uxbridge Juniors Chargers"]
[Result "0-1"]
[PlyCount "37"]

1. e4 e6 2. d4 Qh4 3. Nc3 Bb4 4. Qe2 Nf6 5. e5 Qxd4 6. exf6 Bxc3+ 7. bxc3 Qxc3+ 8. Kd1 Qxa1 9. Qe4 gxf6 10. Qb4 Qxa2 11. Qf4 Qd5+ 12. Bd2 Qe5 13. Qxe5 fxe5 14. Nf3 Nc6 15. Bb5 e4 16. Ne1 a6 17. Bc3 Rg8 18. g3 axb5 19. Ba5 0-1

[Event "Junior Online 4NCL Division 4"]
[Site "online"]
[Date "2021.03.18"]
[EventDate "2021.03.18"]
[Round "5.127"]
[White "Karthisamy, Prathik"]
[WhiteElo "850"]
[WhiteTeam "Uxbridge Juniors Chargers"]
[Black "Malus, Sean"]
[BlackElo "1228"]
[BlackTeam "Barnet Knights E"]
[Result "1-0"]
[PlyCount "65"]

1. e4 e5 2. Nf3 Nc6 3. Nc3 Bc5 4. Be2 Nf6 5. O-O d6 6. d3 Bg4 7. Bg5 h6 8. Bh4 Qd7 9. Bg3 h5 10. b3 g5 11. Nxg5 O-O-O 12. Bxg4 hxg4 13. Nd5 Nxd5 14. exd5 Nd4 15. c3 Nf5 16. c4 Bd4 17. Rb1 f6 18. Ne4 Qh7 19. Qxg4 Kb8 20. Qh3 Qxh3 21. gxh3 Rxh3 22. Kh1 Rdh8 23. Kg2 Nxg3 24. Nxg3 Rxh2+ 25. Kg1 R2h3 26. Kg2 Rh2+ 27. Kf3 R2h3 28. Rh1 Bxf2 29. Rxh3 Rxh3 30. Kxf2 Rh2+ 31. Kf3 Rh3 32. Rh1 Rxh1 33. Nxh1 1-0

[Event "Junior Online 4NCL Division 4"]
[Site "online"]
[Date "2021.03.18"]
[EventDate "2021.03.18"]
[Round "5.128"]
[White "Gardner, Zac"]
[WhiteElo "1139"]
[WhiteTeam "Barnet Knights E"]
[Black "Watson, Lewis"]
[BlackElo "741"]
[BlackTeam "Uxbridge Juniors Chargers"]
[Result "1-0"]
[PlyCount "35"]

1. e4 d5 2. exd5 Qxd5 3. Nc3 Qa5 4. d4 Nf6 5. Bd2 Bg4 6. Be2 Bxe2 7. Ngxe2 e6 8. Ne4 Nxe4 9. Bxa5 Nc6 10. Bxc7 Rc8 11. Bf4 Bb4+ 12. c3 Bxc3+ 13. bxc3 Nxc3 14. Nxc3 O-O 15. Qg4 Nxd4 16. Bh6 Nc2+ 17. Ke2 f5 18. Qxg7# 1-0

[Event "Junior Online 4NCL Division 4"]
[Site "online"]
[Date "2021.03.18"]
[EventDate "2021.03.18"]
[Round "5.131"]
[White "Toth, Nandor"]
[WhiteElo "1264"]
[WhiteTeam "St James Primary"]
[Black "Litvin, Theo"]
[BlackElo "1099"]
[BlackTeam "The Hall 3"]
[Result "1-0"]
[PlyCount "89"]

1. e4 e5 2. Nf3 Nf6 3. Nc3 Bc5 4. Bc4 Nc6 5. d3 d6 6. h3 O-O 7. Bg5 Be6 8. Bb3 h6 9. Bh4 Na5 10. Na4 Nxb3 11. axb3 b6 12. Nxc5 dxc5 13. Nxe5 Re8 14. Nc6 Qd6 15. Nxa7 Qe5 16. c3 Nd5 17. Nc6 Rxa1 18. Qxa1 Qd6 19. O-O Nf4 20. Bg3 Ne2+ 21. Kh2 Nxg3 22. fxg3 Qxc6 23. c4 Rd8 24. Qb1 b5 25. Qc2 Rd4 26. cxb5 Qxb5 27. Ra1 Bxb3 28. Qf2 Qxd3 29. Ra8+ Kh7 30. Qf5+ g6 31. Qf6 Rd8 32. Rxd8 Qxd8 33. Qxd8 c6 34. Qd6 Bc2 35. Qxc6 Kg7 36. e5 Bf5 37. Qxc5 Kg8 38. b4 Be4 39. b5 Kg7 40. b6 f6 41. Qc7+ Kf8 42. exf6 Bxg2 43. Kxg2 g5 44. b7 g4 45. b8=Q# 1-0

[Event "Junior Online 4NCL Division 4"]
[Site "online"]
[Date "2021.03.18"]
[EventDate "2021.03.18"]
[Round "5.132"]
[White "Payne, Luca"]
[WhiteElo "1032"]
[WhiteTeam "The Hall 3"]
[Black "Crichton, Finlay"]
[BlackElo "1116"]
[BlackTeam "St James Primary"]
[Result "1-0"]
[PlyCount "127"]

1. d4 d5 2. c4 e6 3. Nc3 Nf6 4. Bf4 Nc6 5. Nb5 Bd6 6. Bxd6 cxd6 7. cxd5 exd5 8. Nf3 a6 9. Nc3 Bf5 10. e3 Nb4 11. Qb3 Qa5 12. a3 O-O 13. Qxb4 Qxb4 14. axb4 Rac8 15. Be2 b5 16. O-O Ra8 17. Ra2 Bg4 18. Rfa1 Bc8 19. Nxb5 Rb8 20. Nxd6 Rb6 21. Nxc8 Rxc8 22. Rxa6 Rxb4 23. Rc6 Re8 24. Bb5 Rxb5 25. Rac1 Rxb2 26. Rc8 g6 27. Rxe8+ Nxe8 28. g3 Nf6 29. Rc8+ Kg7 30. Ne5 Rb7 31. Kg2 Ng8 32. Kh3 f6 33. Nc6 f5 34. Nd8 Rb2 35. Ne6+ Kf7 36. Ng5+ Kg7 37. f4 Nf6 38. Rc7+ Kh6 39. Rf7 Kh5 40. Nxh7 Kh6 41. Nxf6 g5 42. fxg5+ Kxg5 43. Nxd5 Rf2 44. Rg7+ Kh5 45. Nf4+ Kh6 46. Rg6+ Kh7 47. Kh4 Rxh2+ 48. Kg5 Rg2 49. Kxf5 Rf2 50. Ke5 Re2 51. Nxe2 Kxg6 52. Nf4+ Kg5 53. d5 Kg4 54. Ke4 Kxg3 55. d6 Kg4 56. d7 Kg3 57. d8=Q Kg4 58. Qg8+ Kh4 59. Qh7+ Kg4 60. Qg6+ Kh4 61. Qh5+ Kg3 62. Qh3+ Kf2 63. Qg2+ Ke1 64. Qe2# 1-0

[Event "Junior Online 4NCL Division 4"]
[Site "online"]
[Date "2021.03.18"]
[EventDate "2021.03.18"]
[Round "5.133"]
[White "Harle Smith, Joseph"]
[WhiteElo "1032"]
[WhiteTeam "St James Primary"]
[Black "Kohli, Aryan"]
[BlackElo "1083"]
[BlackTeam "The Hall 3"]
[Result "0-1"]
[PlyCount "80"]

1. e4 c5 2. Nf3 d6 3. Bc4 e6 4. Nc3 Nc6 5. d3 Nf6 6. Ng5 Be7 7. Nf3 Bd7 8. O-O O-O 9. Ne1 Nd4 10. Nf3 Nxf3+ 11. Qxf3 e5 12. Nd5 Nxd5 13. Bxd5 Rb8 14. Qg3 Bf6 15. Bh6 Kh8 16. Rae1 gxh6 17. Qe3 Bg5 18. Qf3 Qe7 19. Rd1 Bc6 20. Bb3 a5 21. c3 a4 22. Bc2 b5 23. c4 b4 24. b3 a3 25. h3 f5 26. g3 fxe4 27. dxe4 Rxf3 28. h4 Bf6 29. Rd3 Rxd3 30. Bxd3 Rg8 31. f4 Rxg3+ 32. Kf2 Rxd3 33. Ke2 Bxe4 34. Rg1 exf4 35. Kf2 Bd4+ 36. Ke2 Bxg1 37. Kf1 Rd2 38. Kxg1 Bc6 39. Kf1 Qe2+ 40. Kg1 Qg2# 0-1

[Event "Junior Online 4NCL Division 4"]
[Site "online"]
[Date "2021.03.18"]
[EventDate "2021.03.18"]
[Round "5.134"]
[White "Agarwal, Mihir"]
[WhiteElo "1098"]
[WhiteTeam "The Hall 3"]
[Black "Tang, Ismini"]
[BlackElo "866"]
[BlackTeam "St James Primary"]
[Result "0-1"]
[PlyCount "182"]

1. e4 e5 2. Nc3 Nc6 3. Nf3 Nf6 4. d4 exd4 5. Nxd4 Nxd4 6. Qxd4 Be7 7. Bc4 d6 8. Bf4 Be6 9. Bxe6 fxe6 10. O-O e5 11. Qa4+ Qd7 12. Qxd7+ Nxd7 13. Bg3 O-O 14. Nd5 Bd8 15. b3 c6 16. Ne3 Bg5 17. c4 Nc5 18. Nf5 Nxe4 19. Ne3 Rf7 20. b4 Raf8 21. a4 h5 22. b5 h4 23. bxc6 bxc6 24. Bxh4 Bxh4 25. f3 Nc3 26. Kh1 d5 27. cxd5 cxd5 28. Ra3 d4 29. Nc4 e4 30. Ne5 Rf5 31. Ng6 e3 32. Nxh4 Rh5 33. Ng6 Rf6 34. Ne7+ Kf8 35. g4 Rh3 36. Nf5 e2 37. Re1 Rxf3 38. Kg2 Rf4 39. Nxd4 Rxg4+ 40. Kh3 Rg5 41. Kh4 Ne4 42. Rf3 Rxf3 43. Nxf3 Rg2 44. Nd4 Nc3 45. Kh3 Rf2 46. Nxe2 Nxe2 47. Rb1 Nc3 48. Rb8+ Kf7 49. Rb7+ Kf6 50. Rxa7 Ra2 51. a5 Nb5 52. Ra8 Kg6 53. a6 Nc7 54. Rc8 Nxa6 55. Kg4 Kh7 56. Kg3 Ra3+ 57. Kg2 Ra2+ 58. Kh3 Ra3+ 59. Kg2 Ra2+ 60. Kh1 Nb4 61. Rc4 Nd3 62. Rh4+ Kg8 63. Rd4 Ne5 64. Rf4 g5 65. Rf5 Nf7 66. Kg1 Kg7 67. Rd5 Kg6 68. Rc5 g4 69. Rc4 Kg5 70. Rc3 Ne5 71. Rg3 Nf3+ 72. Kf1 Ra1+ 73. Kg2 Ra2+ 74. Kf1 Rxh2 75. Rg2 Rh1+ 76. Kf2 Kh4 77. Ke3 Kh3 78. Re2 Ng1 79. Rc2 g3 80. Kf4 Kh4 81. Rc7 Nh3+ 82. Kf5 Rf1+ 83. Kg6 g2 84. Rc4+ Kg3 85. Rc3+ Kh2 86. Rxh3+ Kxh3 87. Kg5 g1=Q+ 88. Kh5 Kh2 89. Kh4 Qg8 90. Kh5 Rf7 91. Kh4 Rh7# 0-1

[Event "Junior Online 4NCL Division 4"]
[Site "online"]
[Date "2021.03.18"]
[EventDate "2021.03.18"]
[Round "5.135"]
[White "Litvin, Theo"]
[WhiteElo "1099"]
[WhiteTeam "The Hall 3"]
[Black "Toth, Nandor"]
[BlackElo "1264"]
[BlackTeam "St James Primary"]
[Result "0-1"]
[PlyCount "150"]

1. e4 e5 2. Bc4 Nf6 3. Nf3 Nc6 4. Nc3 Nxe4 5. Nxe4 d5 6. Bd3 dxe4 7. Bxe4 Bd6 8. d3 Be6 9. Ng5 h6 10. Nxe6 fxe6 11. Qh5+ Kd7 12. O-O Qf6 13. Be3 a6 14. Bg6 Raf8 15. c3 Kc8 16. b4 Rd8 17. a4 Ne7 18. Be4 g6 19. Qh3 Nf5 20. Ba7 Ne7 21. c4 Nc6 22. b5 Nxa7 23. bxa6 g5 24. axb7+ Kb8 25. Rfb1 Bc5 26. Rb5 Qxf2+ 27. Kh1 Qd4 28. Rbb1 Rdf8 29. Qxe6 Rf4 30. Qd5 Rhf8 31. h3 Qxd5 32. Bxd5 Bd4 33. Ra2 Rf1+ 34. Rxf1 Rxf1+ 35. Kh2 Bg1+ 36. Kg3 h5 37. Re2 c6 38. Bf3 Bd4 39. Bxh5 Rd1 40. Rxe5 Bxe5+ 41. Kg4 Rxd3 42. Kxg5 Rd4 43. Kf5 Bg3 44. Bf7 Rf4+ 45. Kg6 Rf2 46. h4 Bxh4 47. g4 Rg2 48. Kh5 Be7 49. g5 Rxg5+ 50. Kh6 Ra5 51. Kg7 Rxa4 52. Kg6 c5 53. Kf5 Nc6 54. Ke6 Rxc4 55. Kd7 Ne5+ 56. Kxe7 Nxf7 57. Kxf7 Kxb7 58. Ke6 Rd4 59. Ke5 Kb6 60. Ke6 Kb5 61. Ke5 Kc4 62. Ke6 Kb4 63. Ke5 Kb5 64. Ke6 Kc6 65. Ke5 Rd6 66. Ke4 c4 67. Ke3 c3 68. Ke2 c2 69. Kf3 c1=Q 70. Ke4 Qe1+ 71. Kf4 Rd4+ 72. Kf5 Qe3 73. Kf6 Rf4+ 74. Kg5 Qg3+ 75. Kh5 Rh4# 0-1

[Event "Junior Online 4NCL Division 4"]
[Site "online"]
[Date "2021.03.18"]
[EventDate "2021.03.18"]
[Round "5.136"]
[White "Crichton, Finlay"]
[WhiteElo "1116"]
[WhiteTeam "St James Primary"]
[Black "Payne, Luca"]
[BlackElo "1032"]
[BlackTeam "The Hall 3"]
[Result "0-1"]
[PlyCount "106"]

1. e4 e5 2. Nf3 Nf6 3. Nxe5 Nc6 4. Nxc6 dxc6 5. Nc3 Bc5 6. Qe2 Ng4 7. Nd1 Qd4 8. Ne3 Nxe3 9. Qxe3 Qe5 10. Qe2 f5 11. exf5 Qxe2+ 12. Bxe2 Bxf5 13. d3 O-O-O 14. Bf4 Rhe8 15. f3 Bb4+ 16. Bd2 Bc5 17. g4 Bg6 18. a3 Rd6 19. b4 Bd4 20. Rb1 Rde6 21. Kd1 Rxe2 22. Kc1 Bf7 23. c3 Be3 24. Bxe3 R8xe3 25. c4 Re1+ 26. Rxe1 Rxe1+ 27. Kc2 Rxb1 28. Kxb1 Kd7 29. c5 Ke6 30. a4 Ke5 31. b5 cxb5 32. axb5 Kd4 33. c6 bxc6 34. bxc6 Kxd3 35. Kb2 Kc4 36. Ka3 Kb5 37. Kb2 Kxc6 38. h4 Kd5 39. f4 Ke4 40. f5 Kf4 41. g5 Kxf5 42. Ka3 Kg4 43. h5 Kxh5 44. Ka4 Kxg5 45. Ka5 h5 46. Ka6 h4 47. Kxa7 h3 48. Kb7 h2 49. Kxc7 h1=Q 50. Kd7 Qd5+ 51. Ke7 Qe6+ 52. Kf8 Qe8+ 53. Kxg7 Qg8# 0-1

[Event "Junior Online 4NCL Division 4"]
[Site "online"]
[Date "2021.03.18"]
[EventDate "2021.03.18"]
[Round "5.137"]
[White "Kohli, Aryan"]
[WhiteElo "1083"]
[WhiteTeam "The Hall 3"]
[Black "Harle Smith, Joseph"]
[BlackElo "1032"]
[BlackTeam "St James Primary"]
[Result "1-0"]
[PlyCount "105"]

1. d4 d5 2. Bf4 Nc6 3. e3 Nf6 4. c3 Bf5 5. Bd3 e6 6. Bxf5 exf5 7. Qd3 g6 8. Nf3 Bg7 9. Ne5 O-O 10. Nxc6 bxc6 11. O-O Qb8 12. Qc2 Nh5 13. Bg3 Nxg3 14. fxg3 Bf6 15. Nd2 Be7 16. Nf3 c5 17. Ne5 cxd4 18. Nd7 Qb5 19. Nxf8 Rxf8 20. exd4 c5 21. dxc5 Qxc5+ 22. Qf2 Qd6 23. Qxa7 Bg5 24. Rad1 Re8 25. c4 Re7 26. Qa3 Be3+ 27. Kh1 Bc5 28. Qc3 d4 29. Qf3 Re3 30. Qxe3 dxe3 31. Rxd6 Bxd6 32. Re1 Bc5 33. b4 Bxb4 34. Rxe3 Bc5 35. Rc3 g5 36. a4 f4 37. gxf4 gxf4 38. a5 Kg7 39. a6 Kf6 40. Rf3 Kf5 41. Rf1 Ke4 42. Ra1 Kd4 43. a7 Bxa7 44. Rxa7 Kxc4 45. Rxf7 Kd4 46. Rxf4+ Ke5 47. g3 Ke6 48. g4 Ke7 49. g5 Ke8 50. Rf6 Ke7 51. h4 Ke8 52. h5 h6 53. Rxh6 1-0

[Event "Junior Online 4NCL Division 4"]
[Site "online"]
[Date "2021.03.18"]
[EventDate "2021.03.18"]
[Round "5.138"]
[White "Tang, Ismini"]
[WhiteElo "866"]
[WhiteTeam "St James Primary"]
[Black "Agarwal, Mihir"]
[BlackElo "1098"]
[BlackTeam "The Hall 3"]
[Result "1-0"]
[PlyCount "85"]

1. d4 d5 2. Nf3 Nf6 3. Nc3 Nc6 4. Bf4 Bf5 5. e3 e6 6. Bb5 Bd6 7. Bxd6 cxd6 8. O-O a6 9. Ba4 b6 10. Bxc6+ Nd7 11. Bxa8 Qxa8 12. Nh4 O-O 13. Nxf5 exf5 14. Qf3 Qc6 15. Qxd5 Qxd5 16. Nxd5 b5 17. Ne7+ Kh8 18. Nxf5 Nf6 19. Nxd6 Nd5 20. c4 bxc4 21. Nxc4 f5 22. Ne5 f4 23. Rac1 fxe3 24. fxe3 Rxf1+ 25. Rxf1 h6 26. e4 Nf6 27. Re1 Kh7 28. d5 Ne8 29. b4 g5 30. a4 Nd6 31. Nc6 Kg6 32. e5 Ne8 33. Rf1 Nc7 34. d6 Ne6 35. d7 h5 36. d8=Q Nxd8 37. Nxd8 Kg7 38. e6 Kg8 39. e7 Kg7 40. e8=Q Kh6 41. Qe6+ Kg7 42. Rf7+ Kg8 43. Qe8# 1-0

[Event "Junior Online 4NCL Division 4"]
[Site "online"]
[Date "2021.03.18"]
[EventDate "2021.03.18"]
[Round "5.141"]
[White "Bengani, Arihant"]
[WhiteElo "1105"]
[WhiteTeam "Edgware Gambits G"]
[Black "Bass, Finn"]
[BlackElo "894"]
[BlackTeam "Rhodes Avenue Rooks"]
[Result "0-1"]
[PlyCount "60"]

1. e4 e5 2. Nf3 Nc6 3. Bc4 Bc5 4. c3 Nf6 5. d3 d6 6. a4 O-O 7. b4 Bb6 8. a5 Nxa5 9. bxa5 Bc5 10. d4 exd4 11. cxd4 Bb4+ 12. Bd2 Bxd2+ 13. Nbxd2 Bg4 14. O-O Qd7 15. Qa4 c6 16. h3 Bxf3 17. Nxf3 Nxe4 18. Rfe1 Nc3 19. Qb3 Nb5 20. Reb1 a6 21. Bxb5 axb5 22. a6 bxa6 23. Rb2 d5 24. Rba2 Qb7 25. Rxa6 Rxa6 26. Rxa6 Qxa6 27. Ne5 f6 28. Nd7 Rd8 29. Nc5 Qb6 30. Ne6 Re8 0-1

[Event "Junior Online 4NCL Division 4"]
[Site "online"]
[Date "2021.03.18"]
[EventDate "2021.03.18"]
[Round "5.142"]
[White "Gelmini, Leonardo"]
[WhiteElo "900"]
[WhiteTeam "Rhodes Avenue Rooks"]
[Black "Tager, Maya"]
[BlackElo "1037"]
[BlackTeam "Edgware Gambits G"]
[Result "0-1"]
[PlyCount "101"]

1. c4 e5 2. Nc3 d6 3. g3 g6 4. d4 exd4 5. Qxd4 Nf6 6. Bg2 Bg7 7. Qe3+ Be6 8. Bxb7 Nbd7 9. Bxa8 Qxa8 10. Nf3 O-O 11. O-O Bxc4 12. b3 Be6 13. Bb2 Nc5 14. Qd2 Nce4 15. Qc2 Nxc3 16. Bxc3 Bf5 17. Qb2 Ne8 18. Bxg7 Nxg7 19. Rac1 c5 20. Qd2 Rd8 21. Rfe1 Be4 22. Qe3 Bxf3 23. Qxf3 Qb8 24. e4 Re8 25. Rcd1 Ne6 26. Qg4 Nd4 27. f4 Nc2 28. Re2 Nb4 29. a3 Nc6 30. Rb1 c4 31. Reb2 cxb3 32. Rxb3 Qc7 33. Rb7 Qa5 34. Qd7 Qc5+ 35. Kf1 Rf8 36. Rd1 Qc4+ 37. Ke1 Qxe4+ 38. Kf1 Qf3+ 39. Ke1 Qe3+ 40. Kf1 Nd4 41. Rxd4 Qxd4 42. Rxa7 Qa1+ 43. Kf2 Qa2+ 44. Kf3 Qxh2 45. Qxd6 Qh5+ 46. g4 Qh3+ 47. Ke4 Qxg4 48. Qe5 Qe2+ 49. Kd5 Qd3+ 50. Qd4 Rd8+ 51. Ke5 0-1

[Event "Junior Online 4NCL Division 4"]
[Site "online"]
[Date "2021.03.18"]
[EventDate "2021.03.18"]
[Round "5.143"]
[White "Dhaliwal, Simrun Kaur"]
[WhiteElo "1028"]
[WhiteTeam "Edgware Gambits G"]
[Black "Wilson, Donnie"]
[BlackElo "879"]
[BlackTeam "Rhodes Avenue Rooks"]
[Result "1-0"]
[PlyCount "95"]

1. e4 e5 2. Nf3 Nc6 3. Nc3 Nf6 4. Bb5 d6 5. O-O a6 6. Bc4 Bg4 7. h3 Bxf3 8. Qxf3 Nd4 9. Qd3 b5 10. Bd5 c6 11. Bxc6+ Nxc6 12. f4 Nb4 13. Qg3 d5 14. a3 Nxe4 15. Nxe4 Nxc2 16. Ra2 dxe4 17. Qc3 Qd5 18. Qxc2 Qxa2 19. Qc6+ Ke7 20. Qxa8 exf4 21. Qxe4+ Kd7 22. Qxf4 Bd6 23. Qd4 Qb1 24. Qa7+ Ke6 25. Qxa6 Qd3 26. Rf3 Qe2 27. Re3+ Qxe3+ 28. dxe3 Rc8 29. Bd2 Rc5 30. Qb6 Rd5 31. e4 Rxd2 32. Qxb5 Rd1+ 33. Kf2 Rd2+ 34. Ke3 Rxg2 35. Qd5+ Kd7 36. Qxf7+ Kc6 37. Qd5+ Kc7 38. e5 Rg3+ 39. Kf4 Rg6 40. exd6+ Rxd6 41. Qa5+ Rb6 42. Ke5 g6 43. Kd5 g5 44. Kc5 g4 45. hxg4 Kb7 46. Qxb6+ Kc8 47. Kc6 h5 48. Qc7# 1-0